000 00722nam a2200265 i 4500
001 C2-0255968
003 PPAK
005 20180727223500.0
008 040628s2004 my a|||| ||||| | may d
020 _a9832482461
040 _aPPAK
_beng
_cPPAK
_erda
082 0 4 _a499.2386
_223
090 0 0 _a499.2386
_bRUZ
_dK
100 0 _aRuzina Jusoh,
_eauthor
245 1 0 _aKerjasama
264 1 _aShah Alam, Selangor :
_bKarisma Publications ,
_c2004
300 _a18 pages :
_billustrations ;
_c26 cm
336 _2rdacontent
_atext
337 _2rdamedia
_aunmediated
338 _2rdacarrier
_avolume
490 1 _aSiri moral emas Karisma
650 1 0 _aReaders
830 0 _aSiri moral emas Karisma
942 _ddc
_cB
999 _c68229
_d68229